Sports Quiz

Random Sports or MLB Quiz

Most Career Extra Inning Home Runs Quiz Stats

 Plays Quiz Updated Dec 6, 2017

Challenge
Share
Tweet
Embed
Score 0/30 Timer 08:00
0 Plays Today
Home Runs Player % Correct
16Babe Ruth
90.9%
11Barry Bonds
88.2%
14Hank Aaron
80.8%
10Sammy Sosa
75.5%
12Mark McGwire
73%
14Mickey Mantle
72.4%
20Willie Mays
70.4%
12David Ortiz
66.8%
15* Albert Pujols
66.6%
10Ted Williams
66.2%
12Jim Thome
64.6%
10Reggie Jackson
64.1%
11Chipper Jones
54.7%
16Frank Robinson
51.7%
11Harmon Killebrew
47.7%
Home Runs Player % Correct
12Rafael Palmeiro
44.9%
10Willie McCovey
43.7%
10Eddie Murray
40.2%
11Stan Musial
37.5%
12Willie Stargell
33.5%
10Howard Johnson
33.5%
18Jack Clark
17.3%
10Will Clark
17.3%
10Tony Perez
15.9%
11*Nelson Cruz
10.1%
11Graig Nettles
9.6%
10Bobby Bonilla
9.4%
10Dick Allen
9.3%
10Don Baylor
7%
11Lance Parrish
3.8%

You're not logged in!

Compare scores with friends on all Sporcle quizzes.
Join for Free
OR
Log In

You Might Also Like...

Show Comments

Extras

Top Quizzes Today


Score Distribution

Your Account Isn't Verified!

In order to create a playlist on Sporcle, you need to verify the email address you used during registration. Go to your Sporcle Settings to finish the process.

Report this User

Report this user for behavior that violates our Community Guidelines.

Details: